[Event "Nova Gorica op 28th"]
[Site "Nova Gorica"]
[Date "2024.01.30"]
[Round "6"]
[White "Zlatanovic, Srdjan"]
[Black "Caruso, Augusto"]
[Result "1-0"]
[WhiteElo "1675"]
[BlackElo "2159"]
[PlyCount "97"]
[EventDate "2024.01.26"]
[EventType "swiss"]
[EventRounds "9"]
[EventCountry "SLO"]
[SourceTitle "CB06_2024"]
[SourceDate "2024.02.07"]
[SourceVersion "1"]
[SourceVersionDate "2024.02.07"]
[SourceQuality "1"]

1. d4 e6 2. Nf3 c5 3. c3 Nc6 4. Bf4 Qb6 5. Qb3 Qxb3 6. axb3 cxd4 7. Nxd4 Nxd4 8. cxd4 Bb4+ 9. Bd2 Bxd2+ 10. Nxd2 d5 11. e3 Ne7 12. Bd3 Bd7 13. 0-0 Nc6 14. Rfc1 a6 15. Bb5 Nb4 16. Be2 Ke7 17. Nb1 Rhc8 18. Nc3 f6 19. f4 Kd6 20. e4 Nc6 21. Rd1 Nb4 22. Kf2 Bc6 23. e5+ fxe5 24. fxe5+ Ke7 25. Bd3 Rf8+ 26. Ke3 Be8 27. Rac1 g5 28. Bb1 h5 29. Rf1 Bd7 30. Ne2 Nc6 31. Ng3 Be8 32. Rxf8 Kxf8 33. Rf1+ Kg7 34. Ne2 Na5 35. Rf6 Bf7 36. h4 gxh4 37. Nf4 Re8 38. Nh3 Nxb3 39. Ng5 Bg8 40. Bg6 Re7 41. Bxh5 Na5 42. Bg4 Nc4+ 43. Kf4 Nxb2 44. Nxe6+ Bxe6 45. Bxe6 Nd3+ 46. Kg5 Nb4 47. Rg6+ Kh8 48. Kf6 Kh7 49. Bg8+ 1-0

[Event "Nova Gorica op 28th"]
[Site "Nova Gorica"]
[Date "2024.01.27"]
[Round "3"]
[White "Caruso, Augusto"]
[Black "Perossa, Nicolas"]
[Result "1/2-1/2"]
[WhiteElo "2159"]
[BlackElo "2277"]
[PlyCount "80"]
[EventDate "2024.01.26"]
[EventType "swiss"]
[EventRounds "9"]
[EventCountry "SLO"]
[SourceTitle "CB06_2024"]
[SourceDate "2024.02.07"]
[SourceVersion "1"]
[SourceVersionDate "2024.02.07"]
[SourceQuality "1"]

1. e4 e5 2. Nf3 Nc6 3. Nc3 Nf6 4. d4 exd4 5. Nxd4 Bb4 6. Nxc6 bxc6 7. Bd3 d5 8. exd5 0-0 9. 0-0 cxd5 10. Bg5 c6 11. Qf3 Bd6 12. h3 h6 13. Bf4 Bxf4 14. Qxf4 Re8 15. Rfe1 Bd7 16. Rxe8+ Qxe8 17. Qd6 Qb8 18. Qxb8+ Rxb8 19. Na4 Kf8 20. b3 Ke7 21. Rd1 Kd6 22. Nc3 g5 23. Ne2 Nh5 24. g4 Nf6 25. Ng3 h5 26. f3 Be6 27. Kg2 a5 28. c3 a4 29. b4 c5 30. a3 cxb4 31. cxb4 hxg4 32. hxg4 Rc8 33. Ne2 Nd7 34. Kf2 Nb6 35. Ke3 Ke5 36. Kd2 f5 37. gxf5 Bxf5 38. Nc3 Bxd3 39. Kxd3 Nc4 40. Rg1 Nxa3 1/2-1/2

[Event "World-chT Rapid"]
[Site "Dusseldorf"]
[Date "2023.08.28"]
[Round "10"]
[White "Caruso, Augusto"]
[Black "Gaab, Wolfgang"]
[Result "1-0"]
[WhiteElo "2103"]
[BlackElo "2060"]
[PlyCount "103"]
[EventDate "2023.08.26"]
[EventType "team-swiss (rapid)"]
[EventRounds "12"]
[EventCountry "GER"]
[SourceTitle "CBM 215 Extra"]
[Source "ChessBase"]
[SourceDate "2023.09.30"]
[SourceVersion "1"]
[SourceVersionDate "2023.09.30"]
[SourceQuality "1"]
[WhiteTeam "Mitropa Chess Association"]
[BlackTeam "Neustadt Weinstrasse"]
[WhiteTeamCountry "GER"]
[BlackTeamCountry "GER"]

1. e4 e6 2. d4 d5 3. Nc3 Nf6 4. Bg5 Be7 5. e5 Ng8 6. Be3 b6 7. h4 Qd7 8. Qg4 Bf8 9. Nf3 Ne7 10. a4 h5 11. Qg5 a5 12. Nb5 Nf5 13. Bd3 Be7 14. Qf4 g6 15. g4 hxg4 16. Qxg4 c6 17. Nc3 Nxe3 18. fxe3 Ba6 19. Ke2 Bxd3+ 20. cxd3 Na6 21. Ng5 Rh5 22. Raf1 Bxg5 23. hxg5 Rxh1 24. Rxh1 0-0-0 25. Rh7 Rf8 26. Qf4 Qe7 27. Nd1 Nb8 28. Nf2 Nd7 29. Ng4 Kb7 30. Kf3 b5 31. b3 Nb6 32. Nh6 Ka6 33. Kg4 bxa4 34. bxa4 Nxa4 35. Qf1 Nb2 36. Qc1 Qb7 37. Qc5 Rc8 38. Nxf7 Nxd3 39. Qc2 Nb4 40. Qxg6 Qb5 41. Kh5 Qe2+ 42. Kh6 a4 43. Qxe6 Rg8 44. g6 Qxe3+ 45. Ng5 Rb8 46. g7 Qf2 47. g8Q Rxg8 48. Qxg8 a3 49. Qa8+ Kb5 50. Qxa3 Qxd4 51. Rb7+ Kc5 52. Ne6+ 1-0

[Event "World-chT Rapid"]
[Site "Dusseldorf"]
[Date "2023.08.27"]
[Round "5.8"]
[White "Mohammad, Nubairshah Shaikh"]
[Black "Caruso, Augusto"]
[Result "1-0"]
[WhiteElo "2430"]
[BlackElo "2103"]
[PlyCount "43"]
[EventDate "2023.08.26"]
[EventType "team-swiss (rapid)"]
[EventRounds "12"]
[EventCountry "GER"]
[SourceTitle "CBM 215 Extra"]
[Source "ChessBase"]
[SourceDate "2023.09.30"]
[SourceVersion "1"]
[SourceVersionDate "2023.09.30"]
[SourceQuality "1"]
[WhiteTeam "Six Pack"]
[BlackTeam "Mitropa Chess Association"]
[WhiteTeamCountry "IND"]
[BlackTeamCountry "GER"]

1. Nf3 Nf6 2. g3 c5 3. Bg2 Nc6 4. c4 d5 5. 0-0 e5 6. cxd5 Nxd5 7. Nc3 Nxc3 8. bxc3 Be7 9. d3 0-0 10. Rb1 Qc7 11. Nd2 a6 12. Nc4 Be6 13. Nb6 Rad8 14. Qa4 Na7 15. c4 Rd6 16. Na8 Rxa8 17. Rxb7 Qd8 18. Rxe7 Qxe7 19. Bxa8 Bd7 20. Qa5 Nc6 21. Qxc5 Qf6 22. Ba3 1-0

[Event "Lignano Bella Italia op 2nd"]
[Site "Lignano Sabbiadoro"]
[Date "2023.08.18"]
[Round "3"]
[White "D'Antonio, Neri"]
[Black "Caruso, Augusto"]
[Result "1/2-1/2"]
[WhiteElo "2252"]
[BlackElo "2103"]
[PlyCount "186"]
[EventDate "2023.08.17"]
[EventType "swiss"]
[EventRounds "9"]
[EventCountry "ITA"]
[SourceTitle "EXT 2024"]
[Source "ChessBase"]
[SourceDate "2023.10.10"]
[SourceVersion "1"]
[SourceVersionDate "2023.10.10"]
[SourceQuality "1"]

1. d4 e6 2. c4 d5 3. Nf3 c5 4. cxd5 exd5 5. Nc3 Nc6 6. g3 Nf6 7. Bg2 Be7 8. 0-0 0-0 9. dxc5 Bxc5 10. Bg5 d4 11. Ne4 Be7 12. Bxf6 Bxf6 13. Nxf6+ Qxf6 14. Qd2 Bg4 15. Rac1 Rad8 16. h3 Bh5 17. g4 Bg6 18. Ne1 Rfe8 19. Nd3 Bxd3 20. exd3 Qe6 21. Bxc6 bxc6 22. a3 h5 23. Qf4 Qg6 24. Qf5 Re6 25. Rfe1 hxg4 26. hxg4 Qh6 27. g5 Rg6 28. f4 Qh5 29. Kg2 Rf6 30. Qh3 Qxh3+ 31. Kxh3 Rxf4 32. Kg3 Rf5 33. Kg4 Rdd5 34. Re8+ Kh7 35. Rxc6 Rxg5+ 36. Kf4 Rg2 37. Re1 g6 38. Ke4 Rd7 39. Rb1 Re2+ 40. Kf4 Re3 41. Rd1 Kg7 42. b4 Rd5 43. Rc4 g5+ 44. Kg4 Kg6 45. Rc6+ Kg7 46. Rc7 Rd6 47. Rf1 Rf6 48. Rxf6 Kxf6 49. Rc6+ Kg7 50. Kxg5 Rxd3 51. Ra6 Rb3 52. Kf4 Rh3 53. Rxa7 d3 54. Rd7 d2 55. Rxd2 Rxa3 56. Rb2 Kf6 57. Ke4 Ke6 58. Kd4 Kd6 59. Rf2 Rh3 60. Rxf7 Rh4+ 61. Kc3 Kc6 62. Kb3 Kb6 63. Ka4 Rh6 64. Rf8 Rg6 65. Rb8+ Ka7 66. Rb5 Rg1 67. Rh5 Rg7 68. Ka5 Kb7 69. Kb5 Rf7 70. Kc5 Rc7+ 71. Kd6 Rg7 72. Rb5+ Kc8 73. Rb6 Rg6+ 74. Kc5 Rg5+ 75. Kc6 Rh5 76. Ra6 Rh6+ 77. Kb5 Rh5+ 78. Kb6 Kb8 79. b5 Rh1 80. Ra2 Rh6+ 81. Ka5 Kb7 82. Rg2 Rh7 83. Rg6 Ka7 84. Rg5 Kb7 85. Kb4 Rh4+ 86. Kc5 Rh7 87. Rd5 Rg7 88. Rh5 Rf7 89. b6 Rg7 90. Kb5 Rf7 91. Rc5 Rh7 92. Rc7+ Rxc7 93. bxc7 Kxc7 1/2-1/2

[Event "Lignano Bella Italia op 2nd"]
[Site "Lignano Sabbiadoro"]
[Date "2023.08.17"]
[Round "1"]
[White "Aaron, Deepak"]
[Black "Caruso, Augusto"]
[Result "1/2-1/2"]
[WhiteElo "2308"]
[BlackElo "2103"]
[PlyCount "93"]
[EventDate "2023.08.17"]
[EventType "swiss"]
[EventRounds "9"]
[EventCountry "ITA"]
[SourceTitle "EXT 2024"]
[Source "ChessBase"]
[SourceDate "2023.10.10"]
[SourceVersion "1"]
[SourceVersionDate "2023.10.10"]
[SourceQuality "1"]

1. c4 e6 2. Nf3 d5 3. e3 c5 4. cxd5 exd5 5. Bb5+ Bd7 6. Bxd7+ Nxd7 7. 0-0 Ngf6 8. d4 Be7 9. dxc5 Nxc5 10. b3 0-0 11. Bb2 Qb6 12. Nc3 Rfd8 13. Rc1 a5 14. Qd4 a4 15. b4 a3 16. Ba1 Na4 17. Nxa4 Qxd4 18. Nxd4 Rxa4 19. b5 Rc4 20. Nf5 Kf8 21. Nxe7 Kxe7 22. Rc3 Rxc3 23. Bxc3 Rc8 24. Bb4+ Ke6 25. Ra1 Rc2 26. Bxa3 Ne4 27. Bf8 Nc3 28. Bxg7 Nxa2 29. h4 f6 30. b6 Rb2 31. g4 Kf7 32. Bh8 Nc3 33. g5 Ne4 34. Rc1 Rxb6 35. Rc7+ Kg6 36. gxf6 Rb1+ 37. Kg2 Rb2 38. Kg1 Rb1+ 39. Kg2 Rb2 40. h5+ Kxh5 41. Rxh7+ Kg6 42. Rg7+ Kh6 43. Kg1 Rxf2 44. Rxb7 Rf5 45. f7 Kg6 46. Rd7 Ng5 47. Bd4 1/2-1/2

[Event "Nova Gorica op 27th"]
[Site "Nova Gorica"]
[Date "2023.03.18"]
[Round "3"]
[White "Caruso, Augusto"]
[Black "Lavrencic, Matic"]
[Result "0-1"]
[WhiteElo "2149"]
[BlackElo "2319"]
[PlyCount "84"]
[EventDate "2023.03.16"]
[EventType "swiss"]
[EventRounds "9"]
[EventCountry "SLO"]
[SourceTitle "CBM 213 Extra"]
[Source "ChessBase"]
[SourceDate "2023.05.31"]
[SourceVersion "1"]
[SourceVersionDate "2023.05.31"]
[SourceQuality "1"]

1. e4 c5 2. Nf3 d6 3. d4 cxd4 4. Nxd4 Nf6 5. Nc3 a6 6. h3 e5 7. Nde2 h5 8. g3 Be7 9. Bg2 Nbd7 10. a4 b6 11. 0-0 Bb7 12. Bg5 Rc8 13. Qd2 0-0 14. f3 Qc7 15. h4 Qc5+ 16. Rf2 Rcd8 17. Nc1 d5 18. Nd3 Qc7 19. exd5 Bxd5 20. Nxd5 Nxd5 21. Bxe7 Nxe7 22. Qg5 Ng6 23. Qxh5 e4 24. fxe4 Qxg3 25. Ra3 Nf6 26. Qf3 Qxh4 27. Re2 Rfe8 28. Qf2 Qh5 29. Re1 Ng4 30. Qg3 N4e5 31. Rc3 Re6 32. Rf1 Nxd3 33. cxd3 Nh4 34. Rc2 Rg6 35. Qh3 Qg5 36. Rcf2 Nxg2 37. Rxg2 Qxg2+ 38. Qxg2 Rxg2+ 39. Kxg2 Rxd3 40. Rb1 Rd4 41. b4 Rxe4 42. Kf3 Rc4 0-1

[Event "Parma City of Culture op 3rd"]
[Site "Parma"]
[Date "2023.01.06"]
[Round "2"]
[White "Caruso, Augusto"]
[Black "Basso, Pier Luigi"]
[Result "0-1"]
[WhiteElo "2147"]
[BlackElo "2526"]
[PlyCount "110"]
[EventDate "2023.01.06"]
[EventType "swiss"]
[EventRounds "6"]
[EventCountry "ITA"]
[SourceTitle "CBM 212 Extra"]
[Source "ChessBase"]
[SourceDate "2023.03.31"]
[SourceVersion "1"]
[SourceVersionDate "2023.03.31"]
[SourceQuality "1"]

1. e4 c6 2. d4 d5 3. Nd2 dxe4 4. Nxe4 Nf6 5. Bd3 Nxe4 6. Bxe4 Nd7 7. Ne2 Nf6 8. Bf3 e6 9. 0-0 Be7 10. b3 0-0 11. Bb2 Qc7 12. c4 b6 13. Qc2 Rd8 14. Nc3 Bb7 15. Ne4 Nxe4 16. Bxe4 g6 17. Rad1 Bf6 18. d5 Bxb2 19. dxc6 Bxc6 20. Bxc6 Qxc6 21. Qxb2 Rd7 22. Qf6 Qc7 23. h4 Rad8 24. Rxd7 Qxd7 25. h5 Qd4 26. Qf3 Qd2 27. Qf6 Rd7 28. g3 Qd4 29. Qf3 Qd3 30. Qa8+ Kg7 31. Kg2 gxh5 32. Qc6 Rd4 33. Re1 h4 34. Re3 Qf5 35. gxh4 Rxh4 36. Rg3+ Rg4 37. Qd6 h5 38. Qe7 Rxg3+ 39. fxg3 a5 40. Qd8 Qe4+ 41. Kh2 Qe3 42. Qd1 Qf2+ 43. Kh3 Qf5+ 44. Kh2 e5 45. Qg1 Qc2+ 46. Kh3 Qe4 47. Qd1 Qf5+ 48. Kh2 Kh7 49. Qd5 Kg7 50. Qd1 Qg4 51. Qd5 Qd4 52. Qf3 h4 53. Kh3 hxg3 54. Qxg3+ Kf8 55. Qg5 Qd3+ 0-1

[Event "St Veit op 41st"]
[Site "St Veit"]
[Date "2022.07.09"]
[Round "1"]
[White "Erber, Siegfried"]
[Black "Caruso, Augusto"]
[Result "1/2-1/2"]
[WhiteElo "1967"]
[BlackElo "2132"]
[PlyCount "41"]
[EventDate "2022.07.09"]
[EventType "swiss"]
[EventRounds "9"]
[EventCountry "AUT"]
[SourceTitle "CBM 209 Extra"]
[Source "ChessBase"]
[SourceDate "2022.09.30"]
[SourceVersion "1"]
[SourceVersionDate "2022.09.30"]
[SourceQuality "1"]

1. e4 e5 2. Nf3 Nc6 3. Bc4 Nf6 4. d3 Bc5 5. c3 a6 6. 0-0 Ba7 7. Re1 d6 8. Bb3 0-0 9. Nbd2 Ne7 10. Nf1 Ng6 11. Be3 c6 12. Bxa7 Rxa7 13. d4 b5 14. Ng3 Qb6 15. h3 c5 16. Qd2 Re8 17. Rad1 exd4 18. cxd4 Rae7 19. Ng5 c4 20. Bc2 Qc7 21. f4 1/2-1/2

[Event "Forni di Sopra op 13th"]
[Site "Forni di Sopra"]
[Date "2022.06.16"]
[Round "6"]
[White "Caruso, Augusto"]
[Black "Pozzari, Simone"]
[Result "0-1"]
[WhiteElo "2133"]
[BlackElo "2184"]
[PlyCount "108"]
[EventDate "2022.06.12"]
[EventType "swiss"]
[EventRounds "9"]
[EventCountry "ITA"]
[SourceTitle "EXT 2023"]
[Source "ChessBase"]
[SourceDate "2022.10.05"]
[SourceVersion "1"]
[SourceVersionDate "2022.10.05"]
[SourceQuality "1"]

1. e4 c5 2. Nf3 d6 3. d4 cxd4 4. Nxd4 Nf6 5. Nc3 a6 6. h3 e5 7. Nde2 b5 8. g4 Bb7 9. Bg2 h6 10. Be3 Nbd7 11. a4 b4 12. Nd5 Nxd5 13. exd5 a5 14. 0-0 Be7 15. Ng3 0-0 16. Nf5 Re8 17. Qd2 Bf8 18. g5 hxg5 19. Bxg5 Qc7 20. Rfe1 Nb6 21. Rad1 Nxa4 22. Qe2 Bc8 23. Be4 Nc5 24. Qf3 a4 25. Nh6+ gxh6 26. Bf6 Nxe4 27. Rxe4 Qd7 28. Kh2 Qf5 29. Rg1+ Kh7 30. Qg3 Qxh3+ 31. Qxh3 Bxh3 32. Kxh3 Be7 33. Bxe7 Rxe7 34. Rxb4 Rc7 35. c4 a3 36. Ra1 Rca7 37. b3 Ra6 38. Ra2 Kg6 39. Rb7 f5 40. b4 Rc8 41. b5 Ra5 42. Rd7 Rxc4 43. Rxd6+ Kg5 44. Rc6 Rxc6 45. dxc6 Rxb5 46. Rxa3 Rc5 47. Ra6 Kf4 48. Kg2 h5 49. Rb6 h4 50. Ra6 e4 51. Rb6 Rc3 52. Ra6 h3+ 53. Kh2 Kf3 54. Ra5 f4 0-1

[Event "Cattolica Halloween op"]
[Site "Cattolica"]
[Date "2021.10.31"]
[Round "8"]
[White "Toure, Vasanth"]
[Black "Caruso, Augusto"]
[Result "1-0"]
[WhiteElo "2037"]
[BlackElo "2163"]
[PlyCount "65"]
[EventDate "2021.10.27"]
[EventType "swiss"]
[EventRounds "9"]
[EventCountry "ITA"]
[SourceTitle "CBM 204 Extra"]
[Source "ChessBase"]
[SourceDate "2021.11.30"]
[SourceVersion "1"]
[SourceVersionDate "2021.11.30"]
[SourceQuality "1"]

1. e4 e6 2. d4 d5 3. Nd2 Nf6 4. Bd3 c5 5. e5 Nfd7 6. c3 Nc6 7. Ngf3 f6 8. exf6 Nxf6 9. 0-0 Be7 10. Re1 0-0 11. Qe2 Qc7 12. dxc5 Bxc5 13. Nb3 Bd6 14. Nbd4 Nxd4 15. cxd4 Bb4 16. Bd2 Bxd2 17. Qxd2 Ng4 18. Qc2 Qf4 19. Bxh7+ Kh8 20. h3 Nxf2 21. Kxf2 Qxd4+ 22. Ke2 Qf4 23. Rad1 e5 24. Rxd5 Be6 25. Rxe5 Rac8 26. Qe4 Qg3 27. Rxe6 Qxg2+ 28. Ke3 Rc4 29. Qxc4 Rxf3+ 30. Kd4 Kxh7 31. Qe2 Rf4+ 32. Re4 Qg5 33. Rxf4 1-0

[Event "Cattolica Halloween op"]
[Site "Cattolica"]
[Date "2021.10.28"]
[Round "2"]
[White "Kambrath, Yannick"]
[Black "Caruso, Augusto"]
[Result "1-0"]
[WhiteElo "2397"]
[BlackElo "2163"]
[PlyCount "81"]
[EventDate "2021.10.27"]
[EventType "swiss"]
[EventRounds "9"]
[EventCountry "ITA"]
[SourceTitle "CBM 204 Extra"]
[Source "ChessBase"]
[SourceDate "2021.11.30"]
[SourceVersion "1"]
[SourceVersionDate "2021.11.30"]
[SourceQuality "1"]

1. d4 e6 2. Nf3 f5 3. g3 Nf6 4. Bg2 Be7 5. 0-0 0-0 6. c4 d6 7. b4 Qe8 8. Bb2 Nbd7 9. Nbd2 Qh5 10. Qc2 e5 11. dxe5 dxe5 12. c5 e4 13. Nd4 Ne5 14. Nb5 f4 15. Nxe4 fxg3 16. Nxg3 Qh4 17. Bxe5 Ng4 18. Qc4+ Kh8 19. h3 Nxe5 20. Qxh4 Bxh4 21. Nxc7 Rb8 22. Rad1 Rf7 23. Nb5 Be6 24. Nd6 Rc7 25. Ngf5 Bf6 26. a3 Nc4 27. Nxc4 Bxc4 28. Rd2 g6 29. Nd6 Be6 30. Nb5 Re7 31. Rfd1 a6 32. Rd8+ Rxd8 33. Rxd8+ Kg7 34. Nd6 Bb2 35. Nxb7 Bxa3 36. Rd4 Rc7 37. h4 Kf6 38. e3 Ke7 39. Na5 Bb2 40. Rd6 Bc3 41. Rxa6 1-0

[Event "Split op 10th"]
[Site "Split"]
[Date "2021.08.03"]
[Round "5"]
[White "Heigermoser, Robert"]
[Black "Caruso, Augusto"]
[Result "1/2-1/2"]
[WhiteElo "2071"]
[BlackElo "2193"]
[PlyCount "117"]
[EventDate "2021.07.31"]
[EventType "swiss"]
[EventRounds "9"]
[EventCountry "CRO"]
[SourceTitle "CBM 203 Extra"]
[Source "ChessBase"]
[SourceDate "2021.09.30"]
[SourceVersion "1"]
[SourceVersionDate "2021.09.30"]
[SourceQuality "1"]

1. Nf3 c5 2. c4 Nf6 3. Nc3 d5 4. cxd5 Nxd5 5. e3 Nc6 6. Bb5 Nxc3 7. bxc3 Qc7 8. Qa4 Bd7 9. Ba3 e6 10. d4 Be7 11. Bxc5 Bxc5 12. dxc5 0-0 13. Nd4 Rfc8 14. 0-0 a6 15. Bxc6 Bxc6 16. Qb4 Bd5 17. c4 Be4 18. f3 Bg6 19. c6 b6 20. f4 Be4 21. c5 Rab8 22. Rac1 b5 23. Nxe6 Qxc6 24. Nd4 Qd5 25. Rf2 Bd3 26. c6 Bc4 27. a3 Re8 28. Rf3 Re4 29. h3 Rbe8 30. Qc3 h5 31. Rg3 f6 32. f5 R8e7 33. a4 Kh7 34. axb5 axb5 35. Rb1 Rc7 36. Qc2 Kh8 37. Ra1 Re8 38. Qf2 Qf7 39. Qf3 Qd5 40. Qxd5 Bxd5 41. Nxb5 Rxc6 42. Ra7 Rg8 43. Nd4 Rc1+ 44. Kh2 Be4 45. Ne6 g6 46. Rf7 Rc6 47. Nd4 Rb6 48. Re7 Bb1 49. Rf3 Rg7 50. Re8+ Rg8 51. Rxg8+ Kxg8 52. Rf2 Kg7 53. Rd2 Be4 54. Kg3 Ra6 55. Kf2 Rb6 56. Ra2 Rb7 57. Ne2 Rc7 58. Ng3 Bd5 59. Rd2 1/2-1/2

[Event "OP-2021-0-05084"]
[Site "LSS email"]
[Date "2021.01.15"]
[Round "?"]
[White "Gonzalez Castells, Jose Maria"]
[Black "Caruso, Augusto"]
[Result "0-1"]
[WhiteElo "1454"]
[BlackElo "2345"]
[PlyCount "95"]
[EventDate "2021.01.15"]
[EventType "tourn (corr)"]
[EventRounds "4"]
[EventCountry "GER"]
[SourceTitle "Corr 2024"]
[Source "ChessBase"]
[SourceDate "2023.10.19"]
[SourceVersion "1"]
[SourceVersionDate "2023.10.19"]
[SourceQuality "1"]

1. b3 e5 2. Bb2 Nc6 3. e3 Nf6 4. Bb5 Bd6 5. Na3 Na5 6. Be2 Be7 7. Nf3 e4 8. Ne5 0-0 9. 0-0 Re8 10. Nac4 Nxc4 11. bxc4 c6 12. f4 d6 13. Ng4 Nxg4 14. Bxg4 d5 15. cxd5 Qxd5 16. a4 b6 17. Bxc8 Raxc8 18. Qg4 f6 19. Bc3 Rcd8 20. h3 Qc4 21. Rfb1 Kh8 22. Rb3 Bc5 23. h4 Re7 24. Re1 Red7 25. h5 h6 26. Qg6 a5 27. Reb1 Qxa4 28. Kh2 Qc4 29. Rxb6 Bxb6 30. Rxb6 Ra8 31. Bb2 Qf7 32. Rxc6 Qxg6 33. hxg6 Rxd2 34. Rc3 a4 35. f5 Rdd8 36. Ra3 Rdc8 37. Bd4 Rxc2 38. Kh3 Rf2 39. g4 h5 40. Kh4 Rf1 41. gxh5 Rxf5 42. Bc3 Rf2 43. Kg4 Kg8 44. Bb4 Rg2+ 45. Kf4 Rg5 46. Bc3 Rxh5 47. Kxe4 Rg5 48. Kf4 0-1